[Event "Gibraltar Open"]
[Site "Caleta ENG"]
[Date "2012.01.24"]
[Round "1.12"]
[White "Getz, Nicolai"]
[Black "Vachier-Lagrave, Maxime"]
[Result "0-1"]
[WhiteTitle "IM"]
[BlackTitle "GM"]
[WhiteElo "2408"]
[BlackElo "2699"]
[WhiteFideId "1505572"]
[BlackFideId "623539"]
[EventDate "2012.01.24"]

1. Nf3 Nf6 2. c4 b6 3. g3 Bb7 4. Bg2 g6 5. O-O Bg7 6. d4 O-O 7. Nc3 Ne4 8. Nxe4
Bxe4 9. Be3 e6 10. Nd2 Bxg2 11. Kxg2 d6 12. Nf3 Nd7 13. Qd2 Qe7 14. Bh6 Bxh6 15.
Qxh6 e5 16. Qd2 Rae8 17. e3 e4 18. Ng1 f5 19. h4 h6 20. Qe2 Qg7 21. Nh3 Nf6 22.
Nf4 g5 23. hxg5 hxg5 24. Nh5 Qg6 25. Nxf6+ Rxf6 26. Rh1 f4 27. Qg4 fxe3 28. fxe3
Ref8 29. Raf1 Rf3 30. Qd7 g4 31. d5 b5 32. b3 bxc4 33. bxc4 Rb8 34. Rh4 Rb2+ 35.
Kg1 Rxf1+ 0-1

[Event "Gibraltar Open"]
[Site "Caleta ENG"]
[Date "2012.01.24"]
[Round "1.18"]
[White "Adnani, Mokhlis"]
[Black "Parligras, Mircea-Emilian"]
[Result "0-1"]
[BlackTitle "GM"]
[WhiteElo "2386"]
[BlackElo "2650"]
[WhiteFideId "9000100"]
[BlackFideId "1204297"]
[EventDate "2012.01.24"]

1. e4 c6 2. Nc3 d5 3. d3 e5 4. Nf3 d4 5. Ne2 f6 6. g3 Bg4 7. Bg2 Bd6 8. h3 Be6
9. Nh4 Ne7 10. f4 Qd7 11. Nf3 c5 12. c4 exf4 13. Nxf4 Nbc6 14. Bd2 Ng6 15. a3
O-O 16. Ng1 Bxf4 17. gxf4 f5 18. e5 Nh4 19. Rh2 Bf7 20. Qe2 Nxg2+ 21. Rxg2 Rab8
22. a4 a6 23. a5 b5 24. axb6 Rxb6 25. Kf2 Rxb2 26. Nf3 Bh5 27. Rg5 Bxf3 28. Kxf3
Nd8 29. Rg2 Ne6 30. Kg3 Qb7 31. Ra3 Ra8 32. Qd1 Nxf4 33. Rf2 Ng6 34. Rxf5 Re8
35. Qe2 Qh1 36. Rf2 Rxe5 37. Qg4 Qg1+ 38. Kf3 Rf5+ 0-1

[Event "Gibraltar Open"]
[Site "Caleta ENG"]
[Date "2012.01.24"]
[Round "1.19"]
[White "Iturrizaga, Eduardo"]
[Black "Ansell, Simon T"]
[Result "1/2-1/2"]
[WhiteTitle "GM"]
[BlackTitle "IM"]
[WhiteElo "2649"]
[BlackElo "2373"]
[WhiteFideId "3901211"]
[BlackFideId "402141"]
[EventDate "2012.01.24"]

1. Nf3 d6 2. d4 Bg4 3. c4 Nd7 4. e4 g6 5. Nc3 Bg7 6. Be2 c5 7. d5 Bxc3+ 8. bxc3
Qa5 9. Qc2 Ngf6 10. O-O O-O-O 11. Be3 Kb8 12. Rfb1 a6 13. Rb3 Ka7 14. Rab1 Rb8
15. Ng5 Bxe2 16. Qxe2 Rhf8 17. Nf3 Rg8 18. Bg5 Qc7 19. Re1 Rge8 20. e5 Nxe5 21.
Nxe5 dxe5 22. Qxe5 Qxe5 23. Rxe5 Nd7 24. Re1 e6 25. Rbb1 e5 26. a4 f6 27. Be3 b6
28. Rb2 Kb7 29. a5 Kc7 30. axb6+ Rxb6 31. Ra2 Ra8 32. Ra5 Rb3 33. Rc1 Kb6 34.
Ra4 a5 35. Kf1 Kc7 36. Ke2 Kd6 37. Kd3 Rb6 38. Rca1 Rba6 39. Rb1 Rb6 40. Rba1
Rba6 41. Rb1 Rb6 42. Rba1 Rba6 1/2-1/2

[Event "Gibraltar Open"]
[Site "Caleta ENG"]
[Date "2012.01.24"]
[Round "1.20"]
[White "Graf, Felix"]
[Black "Lupulescu, Constantin"]
[Result "0-1"]
[BlackTitle "GM"]
[WhiteElo "2367"]
[BlackElo "2648"]
[WhiteFideId "24608904"]
[BlackFideId "1207822"]
[EventDate "2012.01.24"]

1. d4 Nf6 2. c4 e6 3. Nf3 c5 4. d5 exd5 5. cxd5 g6 6. Nc3 Bg7 7. Bf4 O-O 8. Bd6
Qb6 9. Bxf8 Qxb2 10. Bxg7 Qxc3+ 11. Nd2 Kxg7 12. g3 d6 13. Bg2 b5 14. O-O Nbd7
15. Re1 Nb6 16. Rc1 Qa3 17. e4 c4 18. Rc2 Ng4 19. Qa1+ f6 20. h3 Ne5 21. Rc3 Qa5
22. f4 Na4 23. fxe5 Qxc3 24. Qxc3 Nxc3 25. exd6 Bd7 26. a3 Na4 27. Kf2 Nc5 28.
Ke3 Nb7 29. Kd4 Nxd6 30. g4 h6 31. Bf3 Rc8 32. Rc1 Kf8 33. e5 fxe5+ 34. Kxe5 Ke7
35. Ne4 Nf7+ 36. Kd4 Ng5 37. Nxg5 hxg5 38. Ke5 Rc5 39. Be4 Be8 40. Re1 Kd8 41.
Bc2 Bf7 42. Kf6 Bxd5 43. Bxg6 c3 44. Bf5 a5 45. Kxg5 c2 46. Rc1 Be4 47. h4 b4
48. axb4 axb4 49. h5 b3 0-1

[Event "Gibraltar Open"]
[Site "Caleta ENG"]
[Date "2012.01.24"]
[Round "1.21"]
[White "Gustafsson, Jan"]
[Black "Wantiez, Fabrice"]
[Result "1-0"]
[WhiteTitle "GM"]
[BlackTitle "FM"]
[WhiteElo "2643"]
[BlackElo "2366"]
[WhiteFideId "4625498"]
[BlackFideId "202274"]
[EventDate "2012.01.24"]

1. d4 Nf6 2. c4 g6 3. Nc3 d5 4. Bf4 Bg7 5. e3 O-O 6. Nf3 c5 7. dxc5 Qa5 8. Rc1
dxc4 9. Bxc4 Qxc5 10. Bb3 Nc6 11. O-O Qa5 12. h3 Qa6 13. e4 Rd8 14. Qc2 Na5 15.
Ba4 Bd7 16. Rfd1 Rac8 17. e5 Bxa4 18. Qxa4 Ne8 19. Rxd8 Rxd8 20. Nd5 Qe6 21.
Nxe7+ Qxe7 22. Qxa5 b6 23. Qa4 h6 24. Nd4 Qh4 25. Nc6 b5 26. Qe4 Rd7 27. e6 fxe6
28. Qxe6+ Kh7 29. g3 1-0

[Event "Gibraltar Open"]
[Site "Caleta ENG"]
[Date "2012.01.24"]
[Round "1.50"]
[White "Dukaczewski, Piotr"]
[Black "Fier, Alexandr"]
[Result "0-1"]
[WhiteTitle "IM"]
[BlackTitle "GM"]
[WhiteElo "2344"]
[BlackElo "2603"]
[WhiteFideId "1103520"]
[BlackFideId "2107139"]
[EventDate "2012.01.24"]

1. e4 c5 2. Nf3 e6 3. d3 Nc6 4. g3 g6 5. Bg2 Bg7 6. O-O Nge7 7. Re1 e5 8. c4 O-O
9. Nc3 d6 10. a3 f5 11. exf5 gxf5 12. Rb1 a5 13. Nh4 Be6 14. f4 Rb8 15. Nf3 h6
16. Bd2 Ng6 17. Qc2 Bf7 18. Nd5 b5 19. fxe5 dxe5 20. Ne3 Qd7 21. cxb5 Rxb5 22.
Nc4 Bd5 23. a4 Rbb8 24. Bc3 e4 25. Bxg7 Qxg7 26. dxe4 Bxe4 27. Rxe4 Nb4 28. Qc3
fxe4 29. Qxg7+ Kxg7 30. Nfd2 Nd3 31. Bxe4 Nge5 32. b3 Rbd8 33. Bg2 Rf2 34. Ne4
Rc2 35. Nxa5 Rd4 36. h3 Rxg2+ 37. Kxg2 Rxe4 38. g4 Re2+ 39. Kg3 Re3+ 40. Kh2 Nf4
41. Nb7 Kf6 42. a5 Nf3+ 0-1

[Event "Gibraltar Open"]
[Site "Caleta ENG"]
[Date "2012.01.24"]
[Round "1.27"]
[White "Palencia, Wilson"]
[Black "David, Alberto"]
[Result "0-1"]
[WhiteTitle "IM"]
[BlackTitle "GM"]
[WhiteElo "2324"]
[BlackElo "2598"]
[WhiteFideId "4401859"]
[BlackFideId "4000013"]
[EventDate "2012.01.24"]

1. e4 c5 2. Nf3 e6 3. d3 Nc6 4. g3 g6 5. Bg2 Bg7 6. O-O Nge7 7. Re1 d6 8. Nbd2
O-O 9. Nf1 e5 10. h3 h6 11. N3h2 Be6 12. Ng4 Kh7 13. f3 f5 14. Nf2 f4 15. g4 Bf6
16. b3 b5 17. c4 a6 18. Bb2 Rb8 19. Bc3 b4 20. Bb2 Bh4 21. Nd2 Ng8 22. Re2 h5
23. Qf1 Nh6 24. Bh1 Bg3 25. Qg2 Qh4 26. Kf1 Nf7 27. Ke1 Ng5 28. Kd1 Kg7 29. Kc2
Rh8 30. Qf1 Bd7 31. Bg2 Ne6 32. Nd1 Ned4+ 33. Bxd4 Nxd4+ 34. Kb2 a5 35. Nb1 a4
36. Rd2 Ra8 37. bxa4 Rxa4 38. Nf2 Rha8 39. Nh1 Be1 40. Rd1 Bc3+ 41. Nxc3 bxc3+
42. Kxc3 Ra3+ 43. Kb2 Rb8+ 44. Kc1 Rc3+ 45. Kd2 Rc2# 0-1

[Event "Gibraltar Open"]
[Site "Caleta ENG"]
[Date "2012.01.24"]
[Round "1.28"]
[White "Koneru, Humpy"]
[Black "Henriksson, Johan"]
[Result "1-0"]
[WhiteTitle "GM"]
[WhiteElo "2589"]
[BlackElo "2308"]
[WhiteFideId "5008123"]
[BlackFideId "1703560"]
[EventDate "2012.01.24"]

1. d4 d5 2. c4 c6 3. Nf3 Nf6 4. e3 g6 5. Nc3 Bg7 6. Be2 O-O 7. O-O Be6 8. Qb3
Qb6 9. Qa3 dxc4 10. Qxe7 Nd5 11. Qh4 Qd8 12. Qxd8 Rxd8 13. Ng5 c5 14. Nxe6 fxe6
15. Bg4 Re8 16. Bf3 Rd8 17. Ne4 cxd4 18. Nc5 Nc6 19. Nxe6 d3 20. Nxd8 Rxd8 21.
Rb1 b5 22. Bd2 Ne5 23. Bxd5+ Rxd5 24. Rfc1 Nc6 25. b3 Rc5 26. bxc4 bxc4 27. Bc3
a5 28. a3 a4 29. Kf1 Bxc3 30. Rxc3 Kf7 31. Rd1 Na5 32. Rdxd3 Rb5 33. Rd7+ Ke6
34. Ra7 Kd5 35. Ke2 Kc5 36. Kd1 Kb6 37. Rxh7 Rb2 38. Rf7 Kc5 39. h4 Nc6 40. h5
Ne5 41. Rc7+ Kd6 42. R7xc4 Nxc4 43. Rxc4 gxh5 44. Ke1 1-0

[Event "Gibraltar Open"]
[Site "Caleta ENG"]
[Date "2012.01.24"]
[Round "1.32"]
[White "Felgaer, Ruben"]
[Black "Oberhofer, Andre"]
[Result "1-0"]
[WhiteTitle "GM"]
[WhiteElo "2571"]
[BlackElo "2299"]
[WhiteFideId "107069"]
[BlackFideId "24654140"]
[EventDate "2012.01.24"]

1. e4 e5 2. Nf3 Nc6 3. Bb5 Nf6 4. d3 d6 5. O-O Be7 6. Re1 O-O 7. Nbd2 Bd7 8. c3
Re8 9. Nf1 Bf8 10. Ng3 g6 11. Ba4 Bg7 12. d4 Qe7 13. h3 a6 14. Bd2 Qf8 15. Rc1
Rad8 16. d5 Ne7 17. c4 c6 18. Bb4 Bh6 19. Rc3 c5 20. Ba5 Ra8 21. b4 Nc8 22. bxc5
dxc5 23. Bc7 Bf4 24. Bxd7 Nxd7 25. Ne2 Bh6 26. d6 Re6 27. Qa4 Nxd6 28. Qxd7 Nxe4
29. Bxe5 Nxc3 30. Nxc3 Rae8 31. Nd5 Bg7 32. Nc7 R6e7 33. Nxe8 Bxe5 34. Qd5 Bb8
35. Nf6+ Kg7 36. Rxe7 Qxe7 37. Ne4 1-0

[Event "Gibraltar Open"]
[Site "Caleta ENG"]
[Date "2012.01.24"]
[Round "1.33"]
[White "Ali, Sebbar"]
[Black "Jussupow, Artur"]
[Result "0-1"]
[BlackTitle "GM"]
[WhiteElo "2292"]
[BlackElo "2569"]
[WhiteFideId "8100977"]
[BlackFideId "4618777"]
[EventDate "2012.01.24"]

1. e4 e6 2. d4 d5 3. Nd2 c5 4. exd5 exd5 5. Ngf3 Nc6 6. Bb5 Bd6 7. dxc5 Bxc5 8.
O-O Ne7 9. Nb3 Bd6 10. Re1 O-O 11. Bd3 h6 12. h3 Nb4 13. Be2 Bf5 14. Nbd4 Bg6
15. c3 Nbc6 16. Be3 a6 17. Qd2 Qc7 18. Bd3 Be4 19. Qc2 Bxd3 20. Qxd3 Rad8 21.
Re2 Ng6 22. Rae1 Qc8 23. Nf5 Bb8 24. Qc2 Rde8 25. Bc5 Rxe2 26. Rxe2 Re8 27.
Rxe8+ Qxe8 28. Bd6 Ba7 29. Qb3 Qe4 30. Ng3 Qe6 31. Qa3 d4 32. Bc5 dxc3 33. Bxa7
Nxa7 34. Qxc3 Nb5 35. Qa5 Nf4 36. Qd8+ Kh7 37. Qd2 Qd6 38. Qxd6 Nxd6 39. Nd2 Kg6
40. Kf1 f5 41. Ne2 Nd3 42. b3 Kf6 43. Nc3 Nb5 44. Nxb5 axb5 45. Ke2 Nc1+ 46. Ke3
Nxa2 47. Kd4 g5 48. Kc5 b4 49. Nc4 Nc1 50. Kxb4 Nd3+ 51. Ka5 Nxf2 52. Nd6 g4 53.
Nxb7 g3 54. Nc5 f4 55. b4 f3 56. gxf3 g2 57. b5 g1=Q 58. b6 Qg3 59. Kb4 Qd6 60.
b7 Nd3+ 0-1

[Event "Gibraltar Open"]
[Site "Caleta ENG"]
[Date "2012.01.24"]
[Round "1.34"]
[White "Gopal, G.N."]
[Black "Georgiadis, Nico"]
[Result "1/2-1/2"]
[WhiteTitle "GM"]
[BlackTitle "FM"]
[WhiteElo "2566"]
[BlackElo "2291"]
[WhiteFideId "5015693"]
[BlackFideId "1300113"]
[EventDate "2012.01.24"]

1. d4 Nf6 2. Nf3 g6 3. g3 Bg7 4. Bg2 O-O 5. O-O d6 6. c4 Nbd7 7. Nc3 e5 8. e4 c6
9. b3 Re8 10. Bb2 exd4 11. Nxd4 Nc5 12. Qc2 Qb6 13. Rad1 Bg4 14. Rd2 Rad8 15. h3
Bc8 16. Kh2 a5 17. f4 Re7 18. Rfd1 Rde8 19. Re2 h5 20. Na4 Nxa4 21. bxa4 Nxe4
22. Bxe4 Rxe4 23. Rxe4 Rxe4 24. Qxe4 Qxb2+ 25. Ne2 Bf5 26. Qe8+ Kh7 27. Rxd6
Qxa2 28. Qe3 Qxc4 29. g4 hxg4 30. hxg4 Bxg4 31. Ng3 Qc2+ 32. Rd2 Qc3 33. Rd3
Qc2+ 34. Rd2 Qc3 35. Rd3 Qf6 36. Ne4 Qh4+ 37. Kg1 Bf6 38. Ng5+ Kg7 39. Rd6 Bxg5
40. fxg5 Be6 41. Qe5+ Kh7 42. Rd8 Qg4+ 43. Kh2 Qh3+ 44. Kg1 Qg4+ 45. Kh2 1/2-1/2

[Event "Gibraltar Open"]
[Site "Caleta ENG"]
[Date "2012.01.24"]
[Round "1.35"]
[White "Phadke, Sohan"]
[Black "Nabaty, Tamir"]
[Result "0-1"]
[BlackTitle "GM"]
[WhiteElo "2290"]
[BlackElo "2563"]
[WhiteFideId "5016223"]
[BlackFideId "2809052"]
[EventDate "2012.01.24"]

1. e4 e5 2. Nf3 Nc6 3. Bc4 Nf6 4. d3 Bc5 5. Nc3 d6 6. Bg5 Na5 7. Bxf6 gxf6 8.
Nh4 Nxc4 9. dxc4 Be6 10. Qd3 Rg8 11. O-O c6 12. Rad1 Qe7 13. Na4 O-O-O 14. Nxc5
dxc5 15. Qe2 Rd4 16. b3 Rg4 17. Nf5 Bxf5 18. exf5 Rg5 19. f4 Rg8 20. c3 Rxd1 21.
Rxd1 e4 22. Re1 Re8 23. Qc2 Kc7 24. Re3 b5 25. cxb5 cxb5 26. Qe2 Kb6 27. Qe1 a5
28. h3 b4 29. c4 a4 30. bxa4 Qd6 31. a3 Ka5 32. axb4+ cxb4 33. Rxe4 Rxe4 34.
Qxe4 b3 0-1

[Event "Gibraltar Open"]
[Site "Caleta ENG"]
[Date "2012.01.24"]
[Round "1.37"]
[White "Borosova, Zuzana"]
[Black "Berg, Emanuel"]
[Result "0-1"]
[WhiteTitle "WGM"]
[BlackTitle "GM"]
[WhiteElo "2284"]
[BlackElo "2550"]
[WhiteFideId "14905779"]
[BlackFideId "1704060"]
[EventDate "2012.01.24"]

1. e4 e6 2. d4 d5 3. Nc3 Bb4 4. e5 c5 5. a3 Bxc3+ 6. bxc3 Ne7 7. Qg4 cxd4 8.
Qxg7 Rg8 9. Qxh7 Qc7 10. Ne2 Nbc6 11. f4 dxc3 12. Qd3 d4 13. h4 b6 14. Nxd4 Nxd4
15. Qxd4 Nf5 16. Bb5+ Bd7 17. Qxd7+ Qxd7 18. Bxd7+ Kxd7 19. Rh2 Rg4 20. h5 Rag8
21. h6 Rh8 22. Kf2 Rxh6 23. Rxh6 Nxh6 24. Kf3 Rg8 25. Be3 Kc6 26. a4 Nf5 27. Bf2
Ne7 28. Bd4 Nd5 29. Ra3 Rc8 30. Ke4 Kd7 31. g3 Rg8 32. Kf3 Rc8 33. Ke4 Rg8 34.
Kf3 Rh8 35. a5 Rh2 36. axb6 axb6 37. Ra7+ Kc6 38. Bf2 Rh1 39. Be3 Re1 40. Bd4
Rc1 41. Rxf7 Rxc2 42. g4 Rc1 43. Ke2 c2 44. Bb2 Rb1 45. Ba3 c1=Q 46. Bxc1 Rxc1
47. g5 b5 48. Kf2 Ra1 49. g6 Ra8 50. g7 Rg8 51. Rf6 Kc5 52. Rf7 b4 53. f5 exf5
54. Rb7 Kc6 0-1

[Event "Gibraltar Open"]
[Site "Caleta ENG"]
[Date "2012.01.24"]
[Round "1.39"]
[White "Tabatt, Hendrik"]
[Black "Kosintseva, Nadezhda"]
[Result "1/2-1/2"]
[BlackTitle "GM"]
[WhiteElo "2281"]
[BlackElo "2537"]
[WhiteFideId "4653572"]
[BlackFideId "4134974"]
[EventDate "2012.01.24"]

1. d4 Nf6 2. Nf3 d5 3. c4 e6 4. Nc3 Bb4 5. Qb3 c5 6. dxc5 Nc6 7. Bg5 h6 8. Bxf6
Qxf6 9. e3 O-O 10. Be2 Bxc5 11. cxd5 exd5 12. Nxd5 Qf5 13. Qc4 Bd6 14. Nc3 Rd8
15. O-O Be6 16. Qb5 Qg6 17. Rfd1 Bh3 18. Nh4 Qf6 19. Qh5 Be6 20. Nf3 Bb4 21.
Rdc1 a6 22. a3 Bf8 23. Rab1 Bf5 24. e4 Bg6 25. Qg4 Nd4 26. Nxd4 Rxd4 27. Qf3 Qe6
28. Rd1 Rad8 29. Qg4 Qb6 30. b4 Qc7 31. Qf3 Qe5 32. Qg3 Qe6 33. Qe3 Rxd1+ 34.
Bxd1 Bd6 35. g3 Qe5 36. Rc1 Rc8 37. Bf3 Kh7 38. Ne2 Re8 39. Rc4 Qe6 40. Rd4 Be5
41. Rd2 Bc7 42. Nf4 Bxf4 43. Qxf4 Qb3 44. h4 h5 45. Re2 Qxa3 46. e5 b6 47. Be4
Bxe4 48. Qxe4+ Kg8 49. e6 Rxe6 50. Qa8+ Kh7 51. Rxe6 fxe6 52. Qe4+ g6 53. Qb7+
Kh6 54. Qxb6 Qc1+ 55. Kg2 Qc4 56. Qb7 e5 57. Qb8 Qc6+ 58. Kg1 Qf6 59. Qg8 e4 60.
Qa8 Qd4 61. Qf8+ 1/2-1/2

[Event "Gibraltar Open"]
[Site "Caleta ENG"]
[Date "2012.01.24"]
[Round "1.40"]
[White "Dzagnidze, Nana"]
[Black "Soumya, Swaminathan"]
[Result "1/2-1/2"]
[WhiteTitle "GM"]
[BlackTitle "WGM"]
[WhiteElo "2535"]
[BlackElo "2280"]
[WhiteFideId "13601903"]
[BlackFideId "5016193"]
[EventDate "2012.01.24"]

1. d4 Nf6 2. c4 g6 3. d5 Bg7 4. Nc3 O-O 5. e4 d6 6. Be2 e6 7. Nf3 Re8 8. O-O
exd5 9. exd5 Nbd7 10. Be3 Nc5 11. Nd4 a5 12. Re1 Bd7 13. Bf3 Nfe4 14. Nxe4 Nxe4
15. Qc2 Nc5 16. Re2 Be5 17. Rae1 Qh4 18. g3 Qf6 19. Qd1 Na4 20. Kg2 Qg7 21. Rd2
Nc5 22. h4 f5 23. Ne6 Nxe6 24. dxe6 Bxe6 25. Bxb7 Rab8 26. Bc6 Rf8 27. f4 Bxb2
28. Ba7 Bxc4 29. Bxb8 Rxb8 30. Qc2 Bc3 31. Re5 Bxd2 32. Qxc4+ Kh8 33. Rb5 Rxb5
34. Qxb5 h5 35. Qb8+ Kh7 36. Bd5 Bc3 37. Qe8 Bf6 38. Bf7 c6 39. Bb3 c5 40. Bf7
Bd4 41. Kh3 Kh6 42. Kg2 a4 43. Kh3 a3 44. Qe6 Bf6 45. Qe8 Bd4 46. Qe6 Bf6 47.
Qe8 1/2-1/2

[Event "Gibraltar Open"]
[Site "Caleta ENG"]
[Date "2012.01.24"]
[Round "1.42"]
[White "Ikonnikov, Vyacheslav"]
[Black "Bisby, Daniel L"]
[Result "1-0"]
[WhiteTitle "GM"]
[BlackTitle "FM"]
[WhiteElo "2531"]
[BlackElo "2264"]
[WhiteFideId "4100972"]
[BlackFideId "404586"]
[EventDate "2012.01.24"]

1. d4 Nf6 2. Nf3 g6 3. c4 d6 4. Nc3 Bf5 5. Qb3 Qc8 6. Nh4 Bd7 7. e4 Bg7 8. Nf3
O-O 9. Be2 Nc6 10. d5 Na5 11. Qc2 c5 12. O-O a6 13. h3 Rb8 14. a4 e6 15. Bf4 e5
16. Bd2 Nh5 17. Rfe1 b6 18. Nh2 Nf4 19. Bf1 Qc7 20. Ne2 Nxe2+ 21. Bxe2 Nb7 22.
Nf1 Rbe8 23. Ng3 Re7 24. Bg4 Be8 25. Ra3 h5 26. Be2 Bd7 27. a5 Nxa5 28. Rea1 h4
29. Nf1 f5 30. b4 cxb4 31. Bxb4 fxe4 32. Qxe4 Rf4 33. Qxg6 Rf6 34. Qg5 Ref7 35.
Bh5 Rf8 36. c5 dxc5 37. Bxa5 bxa5 38. Qxh4 Rxf2 39. Rg3 Bb5 40. Ne3 R2f4 41. Qg5
R8f6 42. Bg4 Kf8 43. Be6 Bh6 44. Qg8+ Ke7 45. Nf5+ R4xf5 46. Bxf5 c4 47. Rd1 Qd6
48. Be6 Rxe6 49. Qxe6+ Qxe6 50. dxe6 Bf4 51. Ra3 Kxe6 52. Kf2 Bg5 53. Rxa5 c3
54. Ra2 Bc4 55. Rc2 Bb3 56. Rdc1 Bxc1 57. Rxc3 a5 58. Rxb3 a4 59. Rb1 Ba3 60.
Kf3 Bc5 61. Ke4 a3 62. Rb5 Kd6 63. Ra5 Kc6 64. g4 Bb4 65. Ra8 Kb5 66. g5 Ba5 67.
Rf8 1-0

[Event "Gibraltar Open"]
[Site "Caleta ENG"]
[Date "2012.01.24"]
[Round "1.43"]
[White "Sanchez, Louis"]
[Black "Pavlovic, Milos"]
[Result "0-1"]
[WhiteTitle "FM"]
[BlackTitle "GM"]
[WhiteElo "2261"]
[BlackElo "2531"]
[WhiteFideId "624225"]
[BlackFideId "900389"]
[EventDate "2012.01.24"]

1. b3 d5 2. e3 Nf6 3. Bb2 c6 4. Nf3 Bg4 5. Be2 e6 6. O-O Nbd7 7. d3 Bxf3 8. Bxf3
Bd6 9. Nd2 h5 10. g3 h4 11. Qe2 Qc7 12. c4 O-O-O 13. Rab1 Rh6 14. Rfc1 hxg3 15.
hxg3 Rdh8 16. Nf1 dxc4 17. Rxc4 Qa5 18. e4 e5 19. Bc1 R6h7 20. b4 Qd8 21. Be3
Kb8 22. d4 Qe7 23. b5 c5 24. dxc5 Nxc5 25. b6 a6 26. Rbc1 Ne6 27. Qc2 Ka8 28.
Be2 Bb8 29. Ra4 Rh1+ 30. Kg2 Qd7 31. f3 Nd4 32. Bxd4 exd4 33. Kf2 R8h2+ 34. Nxh2
Rxh2+ 35. Kg1 Rxe2 36. Rxa6+ bxa6 37. Qxe2 Kb7 38. Kg2 Kxb6 39. f4 d3 40. Qf3 d2
41. Rd1 Qd4 42. e5 Ne4 43. Kh2 f5 44. Kg2 Qd5 45. a3 Ba7 46. Qe3+ Kb7 47. Rb1+
Ka8 48. Qf3 g6 49. a4 Bf2 50. Qa3 d1=Q 0-1

[Event "Gibraltar Open"]
[Site "Caleta ENG"]
[Date "2012.01.24"]
[Round "1.44"]
[White "Al-Sayed, Mohammed"]
[Black "Arvola, Benjamin"]
[Result "1-0"]
[WhiteTitle "GM"]
[WhiteElo "2524"]
[BlackElo "2261"]
[WhiteFideId "12100196"]
[BlackFideId "1506536"]
[EventDate "2012.01.24"]

1. d4 e6 2. c4 c5 3. d5 exd5 4. cxd5 d6 5. e4 g6 6. Bb5+ Nd7 7. Nc3 a6 8. Bxd7+
Qxd7 9. Nf3 Bg7 10. O-O f6 11. b4 b6 12. bxc5 bxc5 13. Rb1 Nh6 14. Na4 Qc7 15.
Nb6 Ra7 16. Qa4+ Ke7 17. e5 Nf5 18. exd6+ Nxd6 19. Bf4 Qd8 20. Qc6 1-0

[Event "Gibraltar Open"]
[Site "Caleta ENG"]
[Date "2012.01.24"]
[Round "1.46"]
[White "Huschenbeth, Niclas"]
[Black "Chapman, Terry P D"]
[Result "1/2-1/2"]
[WhiteTitle "IM"]
[WhiteElo "2518"]
[BlackElo "2253"]
[WhiteFideId "24604747"]
[BlackFideId "413399"]
[EventDate "2012.01.24"]

1. e4 c6 2. d4 d5 3. e5 c5 4. Nf3 Bg4 5. c4 cxd4 6. cxd5 Qxd5 7. Nc3 Qd7 8. Bb5
Nc6 9. Qxd4 Nxd4 10. Nxd4 O-O-O 11. Bxd7+ Bxd7 12. e6 fxe6 13. Bf4 b6 14. Ne4
Kb7 15. Ng5 Nh6 16. O-O Rc8 17. Rac1 Nf5 18. Nxf5 exf5 19. Rfd1 Rxc1 20. Rxc1 e5
21. Bxe5 Bc5 22. b4 Re8 23. Nf7 Re7 24. bxc5 Rxf7 25. cxb6 axb6 26. Rc7+ Ka6 27.
a3 g6 28. f3 Kb5 29. Kf2 Be6 30. Rc1 Ra7 31. Rb1+ Kc5 32. Bc3 Bc4 33. Bb4+ Kd4
34. Re1 b5 35. h4 Rc7 36. Kg3 Bd3 37. Kf4 Rc2 38. g3 Re2 39. Rc1 Rc2 40. Re1 Re2
41. Rd1 Rc2 42. Bd6 Ra2 43. Kg5 Ke3 44. Kh6 Ke2 45. Rc1 Rc2 46. Rxc2+ Bxc2 47.
Bf4 Bb3 48. Kxh7 Bf7 49. Kg7 Be8 50. Kf8 Bc6 51. Kf7 Kxf3 52. Kxg6 Kg4 53. Kf7
Be4 54. Ke6 Bd3 55. Ke5 Kh5 56. Kd5 Be2 57. Kd4 Kg6 58. Kc5 Bf1 59. Kd5 Be2 60.
Ke5 Bd3 61. Kd4 Bf1 1/2-1/2

[Event "Gibraltar Open"]
[Site "Caleta ENG"]
[Date "2012.01.24"]
[Round "1.47"]
[White "Kulkarni, Rakesh"]
[Black "Kanep, Meelis"]
[Result "1/2-1/2"]
[BlackTitle "GM"]
[WhiteElo "2252"]
[BlackElo "2509"]
[WhiteFideId "5037077"]
[BlackFideId "4501047"]
[EventDate "2012.01.24"]

1. e4 c5 2. c3 d6 3. d4 Nf6 4. Bd3 g6 5. Ne2 Bg7 6. O-O O-O 7. h3 Nc6 8. Be3
cxd4 9. cxd4 Nb4 10. Nbc3 Nxd3 11. Qxd3 Bd7 12. Rac1 Qa5 13. f4 Rfc8 14. g4 b5
15. g5 Nh5 16. b4 Qd8 17. f5 Rc4 18. Rf2 Rac8 19. fxg6 hxg6 20. Rf3 e6 21. d5
Rxb4 22. Rcf1 Be8 23. dxe6 fxe6 24. Nd5 Rbc4 25. Nf6+ Bxf6 26. gxf6 Kf7 27. Ng3
Bc6 28. Nxh5 Bxe4 29. Qd1 Bxf3 30. Qxf3 Qh8 31. Nf4 Qh4 32. Nxe6 Kxe6 33. f7 Qe4
34. Bh6 Qxf3 35. Rxf3 b4 36. f8=Q Rxf8 37. Bxf8 a5 38. Re3+ Kd5 39. Re2 a4 40.
Rd2+ Ke4 41. Bxd6 b3 42. axb3 axb3 43. Kg2 Rc3 44. Be7 Kf5 45. h4 Rc2 1/2-1/2

[Event "Gibraltar Open"]
[Site "Caleta ENG"]
[Date "2012.01.24"]
[Round "1.49"]
[White "Byron, Alan M"]
[Black "Gallagher, Joseph G."]
[Result "0-1"]
[BlackTitle "GM"]
[WhiteElo "2241"]
[BlackElo "2505"]
[WhiteFideId "401773"]
[BlackFideId "1303422"]
[EventDate "2012.01.24"]

1. c4 e5 2. g3 Nc6 3. Bg2 f5 4. Nc3 Nf6 5. d3 Bb4 6. Bd2 O-O 7. a3 Bxc3 8. Bxc3
d6 9. Qd2 Qe8 10. O-O-O Rb8 11. e3 b5 12. cxb5 Rxb5 13. Ne2 Be6 14. h3 Qd7 15.
Rdf1 Rfb8 16. Kd1 Ne7 17. e4 fxe4 18. dxe4 Qc6 19. f3 Ned5 20. exd5 Rxd5 21. Bd4
exd4 22. f4 Qa4+ 23. Ke1 Rc5 24. Nxd4 Bd5 25. Bf3 Re8+ 26. Kf2 Bxf3 27. Kxf3 Rd5
28. Rd1 Re4 0-1

[Event "Gibraltar Open"]
[Site "Caleta ENG"]
[Date "2012.01.24"]
[Round "1.52"]
[White "Cabrera, Alexis"]
[Black "Vaarala, Eric"]
[Result "1-0"]
[WhiteTitle "GM"]
[WhiteElo "2504"]
[BlackElo "2238"]
[WhiteFideId "3502783"]
[BlackFideId "1711962"]
[EventDate "2012.01.24"]

1. e4 c5 2. c3 e6 3. d4 d5 4. e5 Nc6 5. Nf3 Bd7 6. Be2 Qb6 7. O-O a5 8. Na3 cxd4
9. cxd4 Nb4 10. Nb1 Ne7 11. Nc3 Ng6 12. h4 Be7 13. g3 f5 14. h5 Nf8 15. a3 Na6
16. Bd2 Qd8 17. Nb5 Bxb5 18. Bxb5+ Nd7 19. Bxd7+ Qxd7 20. Bxa5 O-O 21. Bd2 Qd8
22. Kg2 Qb6 23. Bc3 Nc7 24. Qd3 Ra4 25. Rfc1 Nb5 26. Rc2 Rfa8 27. Rac1 Re8 28.
Qd1 Qa6 29. Be1 Kf7 30. h6 g6 31. Bb4 Bxb4 32. axb4 Rxb4 33. Qd2 Rc4 34. Qg5 Re7
35. Rxc4 dxc4 36. Rxc4 Na7 37. Rc3 Qb6 38. Qf6+ Ke8 1-0